[Event "XII Americas Continental-ch 2017"]
[Site "Medellin"]
[Date "2017.06.12"]
[Round "4"]
[White "Bachmann, Axel"]
[Black "Ramirez, Alejandro"]
[Result "1/2-1/2"]
[WhiteElo "2653"]
[BlackElo "2552"]
[Annotator "TA"]
[PlyCount "44"]
[EventDate "2017.??.??"]
[EventType "swiss"]
[EventCountry "COL"]
[SourceTitle "playchess.com"]
[Source "ChessBase"]
[SourceQuality "1"]

{[%evp 13,44,15,25,22,32,20,23,4,27,26,14,24,35,25,27,37,19,0,0,0,20,16,16,16,26,0,0,0,0,0,0,-2,-2]} 1. Nf3 d5 2. d4 Nf6 3. c4 c6 4. e3 e6 5. Bd3 Nbd7 6. b3 {D30: Queen's Gambit Declined: Systems without Nc3} b6 7. O-O Bb7 {LiveBook: 50 Games} 8. Qe2 {White has an edge.} Be7 9. Bb2 O-O 10. Rd1 Qc7 11. Nc3 Rfe8 12. Rac1 Rad8 13. h3 Qb8 14. a3 a5 15. Ne5 Nxe5 16. dxe5 {[#]} Nd7 $146 ({Predecessor:} 16... dxc4 17. Bxc4 Nd7 18. f4 b5 {½-½ (91) Bacrot,E (2717)-Van Wely,L (2647) Wijk aan Zee 2006}) 17. cxd5 cxd5 18. Bb5 Rf8 $1 19. Bxd7 Rxd7 {The position is equal.} 20. Na4 Bc8 21. Rc2 Rb7 22. Rdc1 Bd7 {Precision: White = 67%, Black = 69%.} 1/2-1/2

[Event "XII Americas Continental-ch 2017"]
[Site "Medellin"]
[Date "2017.06.12"]
[Round "4"]
[White "Bruzon Batista, Lazaro"]
[Black "Quintiliano Pinto, Renato R"]
[Result "1-0"]
[WhiteElo "2650"]
[BlackElo "2483"]
[Annotator "TA"]
[PlyCount "138"]
[EventDate "2017.??.??"]
[EventType "swiss"]
[EventCountry "COL"]
[SourceTitle "playchess.com"]
[Source "ChessBase"]
[SourceQuality "1"]

{[%evp 19,138,0,6,10,15,18,19,1,27,16,21,15,8,-6,41,36,77,62,74,2,0,17,9,20,32,19,91,16,70,66,63,74,80,95,92,69,73,68,69,49,50,34,173,158,416,347,340,347,329,221,213,200,355,353,345,162,162,172,156,157,162,159,156,130,181,159,148,71,141,126,252,131,162,83,82,66,129,121,123,38,70,6,183,172,166,152,277,256,325,326,310,299,712,722,1147,1057,978,729,837,625,399,0,743,0,0,0,724,652,463,298,289,0,0,0,29979,29980,29985,29979,29979,29980,29985]} 1. Nf3 d5 2. g3 Nf6 3. Bg2 e6 4. c4 Be7 5. d4 O-O 6. Nc3 Nbd7 7. O-O dxc4 8. e4 c6 9. Bf4 Re8 10. a4 a5 11. Qe2 {E07: Closed Catalan: Main Line (5 Nf3 0-0 6 0-0 Nbd7)} b6 12. Rfd1 Ba6 13. Nd2 {The position is equal.} Bf8 14. Nxc4 Nd5 15. Bd2 (15. exd5 exd5 16. Qc2 Bxc4 $17) 15... Rc8 16. Rac1 Nb4 {[#]} 17. e5 $146 ({Predecessor:} 17. Be3) 17... c5 18. Nb5 $1 Nd5 19. Qg4 (19. Be3 $16) 19... f5 (19... Bxb5 $5 20. axb5 f5 21. exf6 N7xf6 $11) 20. exf6 N7xf6 21. Qe2 cxd4 22. Nxd4 Kh8 (22... Qd7 $11) 23. Bh3 (23. Nb5 $16) 23... Rxc4 (23... Nc3 $11 24. Bxc3 Bxc4) 24. Rxc4 $14 {aiming for Nb5.} Bxc4 25. Qxc4 e5 26. Ne6 {[%cal Bd4e6,Be6g5,Bg5f3,Bf3h4,Bh4g6,Bg6f4][%mdl 32]} Qd6 27. Ng5 Qc5 28. Qb3 {Black must now prevent Bc3.} h6 29. Rc1 Qe7 $1 30. Nf3 $36 {[%mdl 2048] Black is under pressure.} e4 (30... Qf7 $14) 31. Nh4 $1 $18 {[%cal Rh4g6]} Qd8 $2 (31... Qb7 $16 {keeps fighting.} 32. Ng6+ Kh7) 32. Ng6+ Kh7 33. Bf5 Bc5 34. Be3 Bxe3 35. fxe3 h5 $2 (35... Qd6 {is a better defense.} 36. Rc6 Qb4 37. Qxb4 Nxb4 38. Rxb6 Nbd5 39. Nf4+ Kh8 40. Nxd5 Nxd5) 36. Nf4+ Kh6 37. Rd1 (37. Rc8 $142 Qd6 38. Rxe8 Nxf4 39. Rh8+ (39. exf4 Nxe8 40. Kg2 Nf6 $14) 39... Kg5 40. Bxe4 Ne2+ 41. Kf2 Nxe4+ 42. Kxe2) 37... Re5 38. Be6 $1 {[%cal Re6d5]} g5 39. Bxd5 gxf4 40. Bc4 Qc7 41. gxf4 Re7 (41... Rc5 $16 42. Be2 Rc2) 42. Be2 Rg7+ 43. Kh1 (43. Kf1 $142) 43... Rg6 (43... Qc6 $142) 44. Qc3 Qg7 (44... Qxc3 $16 {might work better.} 45. bxc3 h4) 45. Qe1 (45. Qe5 $18) 45... Qe7 46. Qf2 (46. Bc4 $18) 46... Qc5 $16 47. Rg1 Rxg1+ (47... Rg7 $1 $14) 48. Qxg1 Kh7 {[#]} 49. h3 (49. b3 $1 $16) 49... Qc2 $1 $14 {[%cal Rc2e2]} 50. Bb5 ({White should try} 50. f5 $1 $14 Qxe2 51. Qg6+ Kh8 52. Qxf6+ Kg8 53. Qe6+ (53. Qxb6 Qf1+ 54. Kh2 Qf2+ 55. Kh1 Qf1+ 56. Kh2 Qf2+ 57. Kh1 Qf1+ $11) 53... Kf8 54. Qd6+ (54. Qxe4 Qf1+ 55. Kh2 Qf2+ 56. Qg2 Qxe3 $11) 54... Kf7 55. Qc7+ (55. Qxb6 Qf1+ 56. Kh2 Qf2+ 57. Kh1 Qf1+ 58. Kh2 Qf2+ 59. Kh1 Qf1+ $11) 55... Kf8 56. Qd8+ (56. Qxb6 Qf1+ 57. Kh2 Qf2+ 58. Kh1 Qf1+ 59. Kh2 Qf2+ 60. Kh1 Qf1+ $11) 56... Kf7 57. Qc7+ (57. Qxb6 Qf1+ 58. Kh2 Qf2+ 59. Kh1 Qf1+ 60. Kh2 Qf2+ 61. Kh1 Qf1+ $11) 57... Kf8 58. Qd8+ (58. Qxb6 Qf1+ 59. Kh2 Qf2+ 60. Kh1 Qf1+ 61. Kh2 Qf2+ 62. Kh1 Qf1+ $11) 58... Kf7 59. Qc7+ (59. Qxb6 Qf1+ 60. Kh2 Qf2+ 61. Kh1 Qf1+ 62. Kh2 Qf2+ 63. Kh1 Qf1+ $11)) 50... Qd2 $2 (50... Kh8 $1 $11) 51. f5 $18 {Threatening mate with Qg6+.} Kh8 {[#]} 52. Qg5 $1 {[%cal Rg5f6]} Qc1+ (52... Nh7 $16 53. Qf4 (53. Qxh5 Qxe3 54. Be2 Qc1+ 55. Kg2 Qxb2 $16) 53... Qxb2 54. Qxe4 Qc1+ 55. Kg2 Qd2+ 56. Kf1 Qc1+ 57. Kf2 Qd2+ 58. Be2 Qd6 59. Qe8+ (59. Bxh5 Nf6 $16) 59... Kg7 60. Qxh5 Qh2+ 61. Ke1 Qg3+ 62. Kd2 Nf6) 53. Kg2 Qxb2+ 54. Kg3 Qe5+ 55. Kh4 Qe7 $2 (55... Qb2 56. Be2 Nh7 57. Qd8+ Kg7 58. Qc7+ Kh8 59. Qb8+ (59. Bxh5 Qf6+ 60. Kg3 Qg5+ 61. Bg4 Qxe3+ 62. Kh4 Qh6+ 63. Kg3 Qe3+ 64. Kh4 Qh6+ 65. Kg3 Qe3+ $11) 59... Kg7 60. Qg3+ (60. Bxh5 Qf6+ 61. Kg3 Qg5+ 62. Bg4 Qxe3+ 63. Kg2 Qd2+ 64. Kh1 Qe1+ 65. Kg2 Qd2+ 66. Kh1 Qe1+ 67. Kh2 Qf2+ 68. Kh1 Nf6 $11) 60... Kf8 61. Qd6+ Kg7 62. Qg3+ Kh8 63. Kxh5 Qf6) 56. Bc4 Qe5 57. Be6 Qa1 58. Qg3 Qc3 59. Kg5 {And now Qb8+ would win.} Kg7 {Now ...Qc5 and Black clings on.} 60. Kh4+ $2 (60. Ba2) 60... Kh8 61. Qf4 Qe1+ $1 62. Qg3 ({Weaker is} 62. Kg5 Qg1+ 63. Kh4 Kh7 $18) 62... Qc3 $1 63. Bf7 Qa1 64. Bg6 {Strongly threatening Qc7.} Qc3 65. Qb8+ $2 ({Better is} 65. Bxh5 $18 {Threatens to win with Qd6.} Qc5 66. Qf4) 65... Kg7 $11 66. Qg3 Kf8 $2 {[%mdl 8192]} (66... Kh8 $11) 67. Qd6+ {White mates.} Kg8 68. Qd8+ Kg7 69. Qe7+ Kh8 {Precision: White = 45%, Black = 38%.} 1-0

[Event "XII Americas Continental-ch 2017"]
[Site "Medellin"]
[Date "2017.06.12"]
[Round "4"]
[White "Cori, Jorge"]
[Black "Martinez Romero, Martin"]
[Result "1-0"]
[WhiteElo "2618"]
[BlackElo "2427"]
[Annotator "TA"]
[PlyCount "69"]
[EventDate "2017.??.??"]
[EventType "swiss"]
[EventCountry "COL"]
[SourceTitle "playchess.com"]
[Source "ChessBase"]
[SourceQuality "1"]

{[%evp 15,69,-11,0,-13,14,23,16,17,16,17,17,19,16,16,14,0,1,4,31,12,32,27,32,27,100,86,115,130,173,166,158,172,173,177,173,164,147,141,140,96,179,166,178,129,160,156,247,218,368,375,462,445,436,445,440,331]} 1. d4 Nf6 2. Nf3 g6 3. c3 Bg7 4. Bf4 O-O 5. e3 d6 6. h3 b6 7. Nbd2 {A48: 1 d4 Nf6 2 Nf3 g6: Torre, London and Colle Systems} (7. a4 a5 8. Nbd2 Bb7 9. Bb5 Nbd7 10. O-O Re8 11. Bh2 Qc8 12. Re1 c6 13. Bd3 Ba6 14. Nc4 Qb7 {½-½ (106) Kamsky,G (2676)-Nepomniachtchi,I (2751) Sochi 2017}) 7... Bb7 8. Bh2 Nbd7 {LiveBook: 5 Games} 9. a4 {The position is equal.} Ne4 $146 (9... e5 $5) ({Predecessor:} 9... a6 10. Be2 c5 11. O-O {½-½ (11) Diulger,A (2364)-Baryshpolets,A (2305) Kiev 2007}) 10. Nxe4 Bxe4 11. Ba6 {[%cal Bf1a6,Ba6d3,Bd3c2][%mdl 32]} c5 12. O-O Qc7 13. Qe2 Bb7 14. Bd3 Rac8 15. Rfd1 c4 16. Bc2 a6 17. e4 b5 18. Bf4 e5 19. Be3 h6 (19... exd4 $11 {keeps the balance.} 20. Bxd4 (20. Nxd4 bxa4 21. Nf3 a3 $14) 20... Ne5) 20. Qd2 Nf6 21. Bxh6 Nxe4 22. Qe3 exd4 23. Nxd4 Rce8 24. Bxg7 (24. axb5 Nxf2 25. Qxf2 Bxh6 $15) 24... Kxg7 25. axb5 axb5 26. Ra7 Qb8 27. Ra5 b4 (27... d5 $16 28. Rda1 (28. Nxb5 Nd6 $16) 28... Nd6) 28. cxb4 $18 d5 29. Nf3 Nf6 30. Qc3 $36 {[%mdl 2048] White is in control.} Qf4 {[#]} (30... Qd6 $16 31. b3 cxb3) 31. Rb5 $1 {[%cal Rb5b7]} Ba8 (31... Rb8 {might work better.} 32. Rb6 Ba8) 32. Rb6 Re6 33. Rxe6 {White is clearly winning.} fxe6 34. Re1 Re8 35. b5 {Precision: White = 76%, Black = 42%.} 1-0

[Event "XII Americas Continental-ch 2017"]
[Site "Medellin"]
[Date "2017.06.12"]
[Round "4"]
[White "Sevian, Samuel"]
[Black "Vazquez, Guillermo"]
[Result "1-0"]
[WhiteElo "2601"]
[BlackElo "2443"]
[Annotator "TA"]
[PlyCount "55"]
[EventDate "2017.??.??"]
[EventType "swiss"]
[EventCountry "COL"]
[SourceTitle "playchess.com"]
[Source "ChessBase"]
[SourceQuality "1"]

{[%evp 21,55,15,22,0,0,0,0,0,0,0,0,0,0,0,0,0,0,0,0,0,0,0,0,0,0,0,91,97,87,89,94,106,95,83,224,219]} 1. e4 c5 2. Nf3 d6 3. d4 cxd4 4. Nxd4 Nf6 5. Nc3 a6 6. Be3 e5 7. Nb3 Be6 8. f3 Be7 9. Qd2 O-O 10. O-O-O Nbd7 11. g4 {[%cal Bg2g4,Bg4g5][%mdl 32]} b5 12. Rg1 {B90: Sicilian Najdorf: Unusual White 6th moves, 6 Be3 Ng4 and 6 Be3 e5} Nb6 13. Na5 Rc8 14. g5 $1 {[%cal Rg5f6] The position is equal.} Nh5 15. Kb1 g6 16. h4 Qc7 17. Nd5 Nxd5 18. exd5 {[#]} Bd7 $146 ({Predecessor:} 18... Bxd5 19. Qxd5 Qxa5 {0-1 (40) Salem,A (2615)-Sjugirov,S (2667) Moscow 2016}) 19. c4 Bd8 20. Nc6 $1 Bxc6 21. dxc6 Qxc6 22. cxb5 axb5 23. Rc1 Qb7 (23... Qxc1+ $11 {keeps the balance.} 24. Qxc1 Rxc1+ 25. Bxc1 b4) 24. Rxc8 $16 ({Inferior is} 24. Qxd6 Rxc1+ 25. Bxc1 (25. Kxc1 Bc7 $17) 25... Bb6 $17) 24... Qxc8 25. Qxd6 Bc7 26. Qc6 b4 27. Ba6 Qa8 (27... Qf5+ $16 {was necessary.} 28. Ka1 Qe6) 28. Rc1 {Precision: White = 90%, Black = 68%.} ({Not} 28. Qxc7 Qxa6 29. Qxe5 Rd8 $14) 1-0

[Event "XII Americas Continental-ch 2017"]
[Site "Medellin"]
[Date "2017.06.12"]
[Round "4"]
[White "Fier, Alexandr"]
[Black "Kaidanov, Gregory S"]
[Result "1-0"]
[WhiteElo "2576"]
[BlackElo "2550"]
[Annotator "TA"]
[PlyCount "83"]
[EventDate "2017.??.??"]
[EventType "swiss"]
[EventCountry "COL"]
[SourceTitle "playchess.com"]
[Source "ChessBase"]
[SourceQuality "1"]

{[%evp 28,83,112,110,172,85,170,143,163,163,163,158,159,158,191,115,97,108,100,98,143,122,243,231,330,340,314,329,353,353,324,351,343,333,318,0,325,325,311,337,332,326,330,323,481,472,497,494,552,549,485,493,549,549,707,708,660,642]} 1. d4 d5 2. c4 e6 3. Nf3 Nf6 4. Nc3 c6 5. Bg5 dxc4 6. e4 b5 7. e5 h6 8. Bh4 g5 9. Nxg5 hxg5 10. Bxg5 Nbd7 11. exf6 Qa5 12. g3 Ba6 13. Qf3 b4 14. Ne4 O-O-O 15. Be2 {LiveBook: 15 Games. D44: Semi-Slav: Botvinnik System} c5 $146 {[#]} (15... Bb7 $16) ({Predecessor:} 15... Bb7 16. Bxc4 Nb6 17. Bb3 c5 18. O-O c4 19. h4 Qf5 20. Qxf5 exf5 21. Nc5 cxb3 22. axb3 Rxd4 {0-1 (50) Kuzubov,Y (2653)-Baghdasaryan,V (2401) Poti 2015}) 16. Nxc5 (16. Rc1 $1 $18) 16... Bxc5 (16... Nxc5 $16 {was necessary.} 17. Qc6+ (17. dxc5 Bb7 $14) 17... Qc7 18. Qxc7+ Kxc7 19. dxc5 Bxc5) 17. dxc5 $18 {[%cal Bd4c5,Bc5c6][%mdl 32] White is clearly better.} Bb7 18. c6 Qxg5 19. cxb7+ $40 {[%mdl 128] White has strong attack.} Kb8 {[#]} 20. h4 $1 {[%cal Rh4g5]} Qe5 21. O-O-O (21. Rc1 $18) 21... c3 $16 22. bxc3 bxc3 23. Kc2 Qa5 {Threatens to win with ...Nb6.} 24. Bc4 Ne5 (24... Nb6 $16 25. Qxc3 Qf5+ 26. Kb3 Kxb7) 25. Qxc3 $18 Qa4+ (25... Nxc4 {was worth a try.} 26. Qxc4 Qf5+ 27. Kb3 Qf3+ 28. Qc3 Qxf2 29. Qe5+ Kxb7 30. Qb5+ Qb6 31. Qxb6+ Kxb6 32. Rxd8 Rxd8) 26. Bb3 {White threatens Rxd8+ and mate.} Qe4+ 27. Kb2 Rd3 28. Rhe1 Rxc3 29. Rxe4 Rc5 30. Ra4 Rc7 31. Re4 $2 ({Better is} 31. Rb4 $18) 31... Nd7 $2 {[%mdl 8192]} (31... Rc5 $1 $11 {and Black stays safe.} 32. Ka3 a6) 32. Red4 Nxf6 33. Rd8+ ({Don't take} 33. Rf4 Nh5 $18) 33... Rxd8 34. Rxd8+ Kxb7 {[%mdl 4096] Endgame KRB-KRN} 35. Bd1 Nd7 (35... Re7 $142 36. h5 Kc7) 36. h5 {[%cal Bh4h5,Bh5h6][%mdl 32] White is clearly winning.} f5 37. h6 Ne5 {and the idea ...Rh7 leaves Black hopeful.} 38. f4 Nc4+ 39. Kb3 Kb6 40. Rb8+ Ka5 41. Be2 Nd2+ 42. Ka3 {Precision: White = 78%, Black = 45%.} 1-0

[Event "XII Americas Continental-ch 2017"]
[Site "Medellin"]
[Date "2017.06.12"]
[Round "4"]
[White "Ortiz Suarez, Isan Reynaldo"]
[Black "Zapata, Alonso"]
[Result "1/2-1/2"]
[WhiteElo "2570"]
[BlackElo "2420"]
[Annotator "TA"]
[PlyCount "115"]
[EventDate "2017.??.??"]
[EventType "swiss"]
[EventCountry "COL"]
[SourceTitle "playchess.com"]
[Source "ChessBase"]
[SourceQuality "1"]

{[%evp 14,115,23,0,8,0,0,0,7,0,19,0,4,15,20,0,0,0,0,-21,-16,-12,-18,-18,-19,-43,-43,-80,-77,-125,-124,-125,-122,-270,-328,-344,-326,-392,-398,-403,-392,-382,-354,-308,-242,-346,-345,-339,-305,-304,-288,-409,-402,-368,-306,-1813,-808,-1767,-608,-1818,-607,-1823,-1818,-1720,-1668,-1600,0,-1554,-1554,-1497,-1387,-1287,-1044,-5871,-5584,-4753,-4101,-29970,-29971,-29971,-29972,-29972,-29973,-29973,-29974,-29974,-29975,-29976,-29977,-29977,-29978,-29978,-29979,-29982,-29974,-29963,-29976,-29974,-8,-8,-8,-8,-8,-8]} 1. e4 c5 2. Nf3 e6 3. Be2 Nc6 4. d4 cxd4 5. Nxd4 Nf6 6. Nc3 Bb4 7. O-O O-O 8. Qd3 e5 {B45: Sicilian Four Knights} (8... d5 9. exd5 exd5 10. Bf4 Re8 11. Bf3 Qb6 12. Rad1 Ne5 13. Bxe5 Rxe5 14. a3 Bd6 15. Qb5 Bc5 16. Qxb6 Bxb6 {½-½ (35) Voiculescu,C (2583)-Chiru,I (2534) ICCF email 2010}) 9. Nb3 Bxc3 10. bxc3 d5 11. exd5 Nxd5 $146 ({Predecessor:} 11... Qxd5 12. Bg5 Qxd3 13. cxd3 Nd5 14. Rac1 h6 15. Bd2 Bf5 16. Rfe1 {1-0 (63) Agulnick,M (2090)-Holanda,D (2031) IECC email 2010}) 12. Rd1 Nf4 13. Bxf4 exf4 14. Qxd8 Rxd8 15. Bf3 {aiming for Bxc6.} (15. Na5 $5 {[%cal Ra5c6]} Rxd1+ 16. Rxd1 $11) 15... Bf5 16. Nd4 (16. Nc5 {is interesting.} Bxc2 17. Rxd8+ Nxd8 18. Re1 Ne6 19. Nxe6 Re8 20. Bxb7 fxe6 21. g3) 16... Nxd4 17. Rxd4 Rxd4 18. cxd4 $11 {[%mdl 4096] Endgame KRB-KRB} Rc8 19. Bxb7 Rxc2 20. d5 Kf8 21. a4 Ke7 22. Re1+ Kd6 23. f3 (23. Ba6 $17 {was called for.}) 23... Rb2 $19 24. Ba6 Rb1 ({Stronger than} 24... Kxd5 25. Re7 $11) 25. Rxb1 Bxb1 {KB-KB} 26. Bc4 a5 27. Bb3 Kc5 28. Kf2 Bf5 29. Ke2 (29. g3 {is the only way for White.}) 29... Kb4 30. Bd1 Kc3 31. d6 Bd7 32. Ke1 (32. Kf2 $142) 32... g5 33. Kf2 h5 {[%cal Bh7h5,Bh5h4][%mdl 32]} 34. h3 $2 (34. g3) 34... f6 (34... h4 $142 35. Kf1 f6) 35. Ke1 Bc6 (35... h4 $142 36. Ke2 Be8) 36. Ke2 f5 (36... h4 $142 37. Kf2 Kc4) 37. Ke1 h4 38. Ke2 Bd7 39. Ke1 Bc6 40. Ke2 $1 Kd4 41. Kd2 Ke5 42. Kc3 Kxd6 43. Kc4 {[#]} g4 $1 {[%mdl 512]} 44. Kd4 (44. fxg4 Bxg2) 44... Bd5 45. fxg4 fxg4 46. Bxg4 Bxg2 47. Bf5 Bc6 48. Bc2 f3 49. Ke3 Kc5 50. Bd1 Kb4 51. Kf2 Bxa4 52. Bxf3 Bd7 53. Bg4 Bb5 54. Ke3 a4 55. Kd2 Kb3 $2 (55... a3 {mates} 56. Kc1 Bd3 57. Kd2 a2 58. Kxd3 a1=Q 59. Ke4 Kc5 60. Be6 Qf6 61. Bf5 Qd4+ 62. Kf3 Kd5 63. Bh7 Qf6+ 64. Ke3 Qe7+ 65. Kd3 Qxh7+ 66. Ke3 Qe4+ 67. Kf2 Qf4+ 68. Ke2 Kd4 69. Kd1 Kd3 70. Ke1 Qf6 71. Kd1 Qf1#) 56. Bd1+ $1 $11 {The position is equal.} Kc4 {[#]} 57. Bxa4 $1 {[%mdl 512]} Bxa4 58. Ke3 {Precision: White = 24%, Black = 68%.} 1/2-1/2

[Event "XII Americas Continental-ch 2017"]
[Site "Medellin"]
[Date "2017.06.12"]
[Round "4"]
[White "Flores, Diego"]
[Black "Cuartas, Jaime Alexander"]
[Result "0-1"]
[WhiteElo "2567"]
[BlackElo "2492"]
[Annotator "TA"]
[PlyCount "134"]
[EventDate "2017.??.??"]
[EventType "swiss"]
[EventCountry "COL"]
[SourceTitle "playchess.com"]
[Source "ChessBase"]
[SourceQuality "1"]

{[%evp 25,134,0,-9,-107,-108,-110,-114,-129,-131,-123,-114,-153,-145,-153,-57,-80,-54,-61,-57,-57,-58,-63,-56,-77,-72,-77,-70,-74,-78,-78,-59,-84,-91,-179,-77,-84,-84,-77,-77,-84,-76,-79,-74,-79,-79,-85,-89,-87,-75,-86,-87,-86,-81,-82,0,-85,-53,-61,-53,-53,-53,-89,-68,-325,-325,-317,-9,-9,-9,-9,-9,-16,-8,-29951,-29954,-29953,-29954,-29957,-29959,-29957,-29960,-29963,-29959,-29967,-29968,-29968,-29967,-29965,-29968,-29969,-29970,-29969,-29971,-29972,-29973,-29973,-29974,-29976,-29977,-29977,-29977,-29977,-29978,-29977,-29978,-29981,-29982,-29987,-29984,-29988,-29989]} 1. c4 c5 2. Nf3 g6 3. d4 cxd4 4. Nxd4 Bg7 5. e4 Nc6 6. Be3 Nf6 7. Nc3 O-O 8. Be2 b6 9. O-O Bb7 10. Qd2 Nxd4 11. Bxd4 e5 12. Bxe5 Nxe4 13. Nxe4 Bxe5 14. f4 {B38: Sicilian: Maroczy Bind with 5...Bg7 and 7...0-0} (14. Nd6 $11 Bxd6 15. Qxd6) (14. Nd6 Bc6 15. Rad1 Qf6 16. b3 Bf4 17. Qd4 Qh4 18. h3 f5 19. c5 Rf6 20. Bb5 Bf3 21. Rd3 Kg7 {1-0 (58) Korneev,O (2581)-Argandona Riveiro,I (2434) Linares 2014}) 14... Bxb2 $1 $17 15. Qxb2 Bxe4 16. Bf3 {Black is better.} Bxf3 17. Rxf3 Rc8 $146 ({Predecessor:} 17... Qc7 18. f5 Qc5+ 19. Kh1 Qxc4 20. Qd2 f6 21. fxg6 hxg6 {0-1 (81) Parameswaran,T (2365)-Crouch,C (2410) Kolkata 1994}) 18. f5 Rxc4 19. Raf1 gxf5 ({Black should try} 19... Qh4 $17 20. Rd1 Qe7) 20. Rxf5 Rg4 21. Qe5 d6 22. Qe3 Rg7 23. h3 Re8 24. Qf4 {[%cal Rf5f7]} Qe7 25. Rf2 Qc7 26. Rf6 Re5 27. Kh2 b5 28. Rd2 Rg6 29. Rdxd6 (29. Rfxd6 $17 Rxd6 30. Qxe5) 29... Re6 (29... Rc5 $19 {is more deadly.} 30. Rxg6+ hxg6) 30. Rdxe6 Qxf4+ 31. Rxf4 Rxe6 {[%mdl 4096] Endgame KR-KR} 32. a4 a6 33. axb5 axb5 34. Rb4 Re5 35. Rd4 Kf8 36. Kg3 Ke7 37. Kf4 Rc5 38. Ke3 Rc3+ 39. Ke4 Rc5 (39... Rc2 $17 40. Rb4 Rc5) 40. Kd3 (40. Ke3 $1 $11) 40... Ke6 {[#] ...Rd5 is the strong threat.} 41. Re4+ Re5 {aiming for ...Rxe4.} 42. Rh4 h5 43. Kc3 Kf6 44. g4 $2 {[%mdl 8192]} ({Better is} 44. Kd3 $15) 44... hxg4 $19 45. hxg4 Rg5 $2 (45... Kg7 $19 {Black wants to play ...f6.} 46. Kd4 f6) 46. Rh6+ $1 $11 Kg7 47. Rb6 Rd5 48. Kb4 Rd4+ 49. Kxb5 $2 {[%mdl 8192] [#]} (49. Kc3 $11 Rd5 50. Kb4) 49... Rxg4 {Black mates.} 50. Kc5 f6 {[%cal Bf7f6,Bf6f5,Bf5f4,Bf4f3][%mdl 32]} 51. Kd5 Kg6 52. Rb8 f5 53. Rb1 Kf6 54. Rf1 Ra4 55. Re1 f4 56. Re4 Ra5+ 57. Kd4 Kf5 58. Re8 Ra3 59. Rg8 f3 60. Rf8+ Kg4 61. Ke4 Kg3 62. Rg8+ Kh2 63. Rh8+ Kg2 64. Rg8+ Kf1 65. Kf4 f2 66. Re8 Kg2 67. Rg8+ Kh2 {Precision: White = 40%, Black = 58%.} 0-1

[Event "XII Americas Continental-ch 2017"]
[Site "Medellin"]
[Date "2017.06.12"]
[Round "4"]
[White "Shabalov, Alexander"]
[Black "Sanchez, Sebastian Felipe"]
[Result "1-0"]
[WhiteElo "2556"]
[BlackElo "2388"]
[Annotator "TA"]
[PlyCount "44"]
[EventDate "2017.??.??"]
[EventType "swiss"]
[EventCountry "COL"]
[SourceTitle "playchess.com"]
[Source "ChessBase"]
[SourceQuality "1"]

{[%evp 19,44,14,8,-22,22,-31,54,47,54,46,44,54,39,-141,-144,-142,-143,-139,16,3,189,193,168,158,29984,29985,29997]} 1. e4 e6 2. d4 d5 3. Nc3 dxe4 4. Nxe4 Nd7 5. Nf3 {[%cal Bg1f3,Bf3e5,Be5c4][%mdl 32]} Ngf6 6. Nxf6+ Nxf6 7. Be3 Bd6 {C10: French with 3 Nc3: Unusual Black 3rd moves and 3...dxe4} 8. Bd3 b6 (8... O-O 9. Qe2 b6 10. O-O-O Bb7 11. Kb1 Nd5 12. Bd2 Nf4 13. Bxf4 Bxf4 14. Be4 Bxe4 15. Qxe4 Qf6 16. Rd3 Rad8 17. Rhd1 a5 18. g3 {½-½ (18) Shankland,S (2676)-Cordova,E (2645) Matanzas 2017}) 9. Ne5 O-O 10. Qf3 Nd5 $1 {LiveBook: 4 Games} 11. Bd2 {aiming for c4.} Bb7 12. O-O-O (12. c4 $11 Bxe5 13. Qh3 (13. cxd5 Bf6 $17)) 12... Qh4 (12... c5 $1 $15) 13. Rhe1 $14 f5 $146 ({Predecessor:} 13... c5 14. dxc5 bxc5 15. Nc4 {½-½ (23) Pavasovic,D (2575)-Tratar,M (2483) Zadar 2006}) 14. Nc4 $1 Qxd4 15. Rxe6 Bc5 16. Rf1 $2 {[#]} (16. Re5 $14 {keeps the upper hand.}) 16... Nb4 $1 $17 17. Qe2 Nxd3+ ({Worse is} 17... Nxa2+ 18. Kb1 $16) 18. cxd3 {[#]} Bxg2 $2 (18... Qd7 $1 $17 19. Bc3 Rad8) 19. Rg1 $11 Bd5 $2 (19... f4 $1 $11 {and Black is okay.} 20. Bc3 (20. Rxg2 f3 $17) 20... f3 21. Bxd4 fxe2 22. Bxc5 bxc5) 20. Be3 $18 Qh4 21. Bxc5 {Black must now prevent Qe5.} Bxc4 $2 ({Don't go for} 21... Qxh2 $2 22. Rg3 $18) (21... Qf4+ $16 22. Kb1 bxc5) 22. Qe5 {[%csl Gg1][%cal Re5g7]} Rf7 {Precision: White = 43%, Black = 30%.} 1-0

[Event "XII Americas Continental-ch 2017"]
[Site "Medellin"]
[Date "2017.06.12"]
[Round "4"]
[White "Vasquez Schroeder, Rodrigo"]
[Black "Iturrizaga Bonelli, Eduardo"]
[Result "1/2-1/2"]
[WhiteElo "2553"]
[BlackElo "2663"]
[Annotator "TA"]
[PlyCount "29"]
[EventDate "2017.??.??"]
[EventType "swiss"]
[EventCountry "COL"]
[SourceTitle "playchess.com"]
[Source "ChessBase"]
[SourceQuality "1"]

{[%evp 12,29,54,25,31,1,16,5,42,41,36,43,38,43,47,23,60,18,9,5]} 1. e4 c5 2. Nf3 e6 3. d4 cxd4 4. Nxd4 a6 5. Bd3 Ne7 6. O-O Nbc6 7. Nb3 g6 {B42: Sicilian: Kan Variation: 5 Bd3} (7... Ng6 8. a4 b6 9. f4 Be7 10. Be3 d6 11. c3 O-O 12. N1d2 Bb7 13. Qf3 e5 14. f5 Nf4 15. Bc2 {1-0 (26) Hansen,E (2603)-Smirin,I (2667) Wijk aan Zee 2017}) 8. f4 d5 9. e5 Bg7 10. N1d2 $146 ({Predecessor:} 10. a4 O-O 11. a5 f6 12. exf6 Bxf6 13. Nc3 Bg7 14. Qe2 e5 15. fxe5 Rxf1+ 16. Qxf1 Bxe5 {½-½ (55) Biolek,R (2406)-Ivanov,M (2497) Marianske Lazne 2009}) 10... f6 11. exf6 Bxf6 12. Nf3 O-O 13. Qe2 Qc7 14. Re1 Bd7 15. c3 1/2-1/2